| Tag |
First Indicator |
Second Indicator |
Subfields |
| LEADER |
00000cam a2200000 a 4500 |
| 001 |
in00000642116 |
| 005 |
20151015054622.0 |
| 008 |
800929s1980 enka b 00100 engm |
| 010 |
|
|
|a 80498038
|
| 015 |
|
|
|a GB***
|
| 020 |
|
|
|a 0851122043 (7.95)
|
| 035 |
|
|
|a (OCoLC)06919255
|
| 035 |
|
|
|9 ACU8905AM
|
| 040 |
|
|
|a DLC
|c DLC
|d m.c.
|d TXA
|d UtOrBLW
|
| 049 |
|
|
|a TXAM
|c [1244104]
|
| 050 |
0 |
0 |
|a UG446.5
|b .G83 1980
|
| 082 |
0 |
|
|a 358/.18/0904
|2 19
|
| 245 |
0 |
4 |
|a The Guinness book of tank facts and feats :
|b a record of armoured fighting vehicle achievement /
|c edited and compiled by Kenneth Macksey ; with contributions by P.H. Horden [as printed] [and others].
|
| 250 |
|
|
|a 3rd ed. /
|b artwork by Mike Roffe and Michael Haine.
|
| 264 |
|
1 |
|a Enfield [England] :
|b Guiness Superlatives,
|c [1980]
|
| 264 |
|
4 |
|c ©1980
|
| 300 |
|
|
|a 256 pages :
|b illustrations ;
|c 24 cm.
|
| 336 |
|
|
|a text
|b txt
|2 rdacontent
|
| 337 |
|
|
|a unmediated
|b n
|2 rdamedia
|
| 338 |
|
|
|a volume
|b nc
|2 rdacarrier
|
| 500 |
|
|
|a Includes index.
|
| 504 |
|
|
|a Bibliography: pages [249]-250.
|
| 650 |
|
0 |
|a Tanks (Military science)
|x History.
|
| 650 |
|
0 |
|a Armored vehicles, Military
|x History.
|
| 650 |
|
0 |
|a Mechanization, Military
|x History.
|
| 700 |
1 |
|
|a Macksey, Kenneth.
|
| 700 |
1 |
|
|a Hordern, P. H.
|
| 999 |
|
|
|a MARS
|
| 999 |
f |
f |
|s d4e43849-4ec6-37d3-a954-2c637e19e73e
|i de4b538a-3768-3ea5-906c-42d67d766103
|t 0
|
| 952 |
f |
f |
|p normal
|a Texas A&M University
|b College Station
|c Sterling C. Evans Library
|d Evans: Library Stacks
|t 0
|e UG446.5 .G83 1980
|h Library of Congress classification
|i unmediated -- volume
|m A14805702028
|
| 998 |
f |
f |
|a UG446.5 .G83 1980
|t 0
|l Evans: Library Stacks
|